Ríos de Oceanía - muerte súbita - Estadísticas

Estadísticas generales
  • Esta prueba ha sido intentada 113 veces
  • La puntuación promedio es 6 de 16
Answers on the Grid
Answers color-coded by a green-red scale on the quiz's grid according to % correct below.
Yarra
Murray
Darling
Sepik
Fly
Waikato
Clutha
Murrumbidgee
Roper
Lachlan
Burdekin
Swan
Navua
Labasa
Hamakua
Puna
Columbia
Mckenzie
Okavango
Saskatchewan
Orange
Támesis
Eufrates
Snake
 
Estadísticas de respuestas
Respuesta % Correcto
Murray
61%
Darling
49%
Murrumbidgee
42%
Navua
42%
Hamakua
38%
Fly
37%
Waikato
37%
Lachlan
30%
Yarra
30%
Puna
28%
Burdekin
27%
Clutha
27%
Roper
27%
Sepik
27%
Swan
27%
Labasa
24%
No se encontraron pruebas coincidentes
Distribución de puntuación
Porcentaje de gente con cada puntuación
Porcentaje por número respondido
Historial de tus puntuaciones
No has intentado esta prueba.